| 000 | 00878nam a2200241 a 4500 | ||
|---|---|---|---|
| 001 | BRCA_6036 | ||
| 005 | 20190320205316.0 | ||
| 008 | 030511s1933----gw-a######---#000-0#ger-# | ||
| 041 | _ager | ||
| 044 | _agw | ||
| 050 | 4 |
_aNK4380 _b.M34 1933 |
|
| 245 | 1 | 0 |
_a77 [i.e. Setenta y Siete] Meissner Porzellanvögel und Französisches Kunstgewerbe aus einer Bekannten Privatsammlung _bKunstgegenstände aus Verschiedenem Besitz. Katalog Nr. XXII. |
| 260 |
_aBerlín _bHermann Ball, Paul Graupe _c1933 |
||
| 300 |
_a60 p. _bil., 32 láminas _c32 cm. |
||
| 500 | _aCatálogo No. XXII (22) | ||
| 500 | _aCatálogo de subasta inventariado por Banco de México como libro | ||
| 500 | _aCA3 | ||
| 650 | 1 | 4 |
_aPorcelana de Meissen _vCatálogos _915233 |
| 650 | 1 | 4 |
_aPorcelana _xColecciones privadas _915234 |
| 650 | 1 | 4 |
_aArte _xColecciones privadas _914568 |
| 902 | _aGFM | ||
| 942 |
_2lcc _cB |
||
| 999 |
_c5724 _d5724 |
||